000 00861nas a2200253 4500
001 BR2013007296
003 BR-BrBNA
005 20231205122925.0
007 ta
008 230509b bl.|||p| |||| 00| 00por d
040 _aBR-BrBNA
_bpor
_cBiblioteca Nacional de Agricultura
041 _a(En)
072 _aL53
100 1 _aAlnimer, M.A.
100 1 _aAlfataftah, A.A.
100 1 _aAbabneh, M.M.
245 1 _aA comparison of fertility with a cosynch protocol versus a modified osvsynch protocol which included estradiol in lactating dairy cows during the summer season in Jordan
650 _aGADO LEITEIRO
650 _aFERTILIDADE ANIMAL
650 _aESTRADIOL
773 0 _tAnimal Reproduction (Brazil)
_xISSN 1806-9614
_g(Jan-Jun 2011), v. 8(1-2) p. 32-39
_wBR2013007296
909 _a202311
_bLúcia
_c55
_dLúcia Elande
942 _2AGRIS
_n0
_cANA
999 _c231286
_d231286